000 01499nam a2200241Ia 4500
003 Ost
005 20260507075206.0
008 260507s9999||||xx |||||||||||||| ||und||
020 _a45052499539
040 _cfsecg
041 _aara
082 _a330
100 _aبالي، سمير فرنان
_eمؤلف
245 0 _aأبحاث في الافلاس /
_c سمير فرنان بالي
260 _aبيروت:
_bمنشورات الحلبي الحقوقية,
_c2009
300 _a144 صفحة؛
_c24 سم
520 _aطبيعة الديون المبررة لشهر الافلاس و صفاتها ، الاتفاقية القضائية السورية اللبنانية ، ضد من يجب على المفلس أن يوجه استئنافه للحكم الذي قضى بشهر إفلاسه ، ضد وكيل لتفليسه، أم ضد الدائن طالب شهر الافلاس ، أم ضدهما معا ، متى تبدأ المواعيد القانونية لطرق الطعن ضد الحكم الصادر برد دعوى الافلاس ، هل يجوز الملاحقة الجزائية بجرائم الافلاس قبل صدور حكم بشهر الافلاس عن المحكمة البدائية المدنية المختصة ، الخاضعون لنظام الافلاس ، قضايا إفلاسية .
653 _aالإفلاس
653 _aالديون
653 _aجرائم الأموال
700 _aبالي، فرنان
_eمؤلف ثانوي
942 _cكتاب
999 _c43434
_d43434